[Event "Osijek Baranja CupT 6th"]
[Site "Osijek"]
[Date "2013.03.08"]
[Round "2.3"]
[White "Grandic, Zvjezdan"]
[Black "Gnjezdur, Vladimir"]
[Result "1-0"]
[WhiteElo "2189"]
[BlackElo "2168"]
[PlyCount "75"]
[EventDate "2013.03.08"]
[EventType "team-tourn"]
[EventRounds "5"]
[EventCountry "CRO"]
[SourceTitle "EXT 2014"]
[Source "ChessBase"]
[SourceDate "2013.11.20"]
[SourceVersion "1"]
[SourceVersionDate "2013.11.20"]
[SourceQuality "1"]

1. e4 c5 2. Nf3 g6 3. d4 Bg7 4. c3 Qc7 5. Bd3 d6 6. h3 e6 7. 0-0 Ne7 8. Bf4 e5 9. Bg3 0-0 10. Na3 Nbc6 11. Nb5 Qb8 12. dxc5 dxc5 13. a4 Kh8 14. Bc4 Na5 15. Ba2 c4 16. Nd6 f6 17. Nxc4 Nxc4 18. Bxc4 Qc7 19. Qe2 Bd7 20. Rfd1 Bc6 21. Nd4 Bd7 22. Bb5 Bc8 23. Nc2 Be6 24. Ne3 Rac8 25. f3 a6 26. Bd3 Bh6 27. Bf2 f5 28. Bh4 Bf4 29. Kh1 g5 30. Bf2 Bb3 31. Bc2 Bxc2 32. Qxc2 Bxe3 33. Bxe3 f4 34. Bf2 h5 35. Qb3 Rf6 36. Rd3 Ng6 37. Rad1 Rf7 38. Qe6 1-0

[Event "Osijek op"]
[Site "Osijek"]
[Date "2013.02.22"]
[Round "4.11"]
[White "Gnjezdur, Vladimir"]
[Black "Lovric, Petar"]
[Result "1-0"]
[WhiteElo "2186"]
[BlackElo "1998"]
[PlyCount "59"]
[EventDate "2013.02.21"]
[EventType "swiss"]
[EventRounds "7"]
[EventCountry "CRO"]
[SourceTitle "EXT 2014"]
[Source "ChessBase"]
[SourceDate "2013.11.20"]
[SourceVersion "1"]
[SourceVersionDate "2013.11.20"]
[SourceQuality "1"]

1. g3 d5 2. f4 g6 3. Bg2 Bg7 4. Nf3 Nh6 5. d3 d4 6. c3 c5 7. cxd4 cxd4 8. 0-0 0-0 9. Nbd2 Nf5 10. Ne4 Nc6 11. Qb3 h6 12. g4 Nd6 13. Nxd6 Qxd6 14. h3 a5 15. Bd2 Be6 16. Qb5 Bd5 17. Rfc1 Nb4 18. a3 Bc6 19. Qc5 Qxc5 20. Rxc5 Nd5 21. Ne5 Bxe5 22. fxe5 e6 23. Bxh6 Rfc8 24. Rac1 Ne7 25. Bg5 Bxg2 26. Rxc8+ Rxc8 27. Rxc8+ Nxc8 28. Kxg2 Na7 29. Kf3 Nc6 30. Ke4 1-0

[Event "Osijek Baranja CupT 5th"]
[Site "Nasice"]
[Date "2012.03.11"]
[Round "5.2"]
[White "Gnjezdur, Vladimir"]
[Black "Miletic, Josip"]
[Result "1-0"]
[WhiteElo "2141"]
[BlackElo "2267"]
[PlyCount "93"]
[EventDate "2012.03.09"]
[EventType "team-swiss"]
[EventRounds "5"]
[EventCountry "CRO"]
[SourceTitle "EXT 2014"]
[Source "ChessBase"]
[SourceDate "2013.11.20"]
[SourceVersion "1"]
[SourceVersionDate "2013.11.20"]
[SourceQuality "1"]

1. Nf3 g6 2. h4 Nf6 3. b3 Bg7 4. Bb2 d5 5. d3 c5 6. Nbd2 Nc6 7. e4 Bg4 8. Be2 0-0 9. Ne5 Bxe2 10. Qxe2 Nd4 11. Bxd4 cxd4 12. Ng4 dxe4 13. Nxf6+ exf6 14. dxe4 f5 15. 0-0 d3 16. cxd3 Bxa1 17. Rxa1 Qd4 18. Rd1 fxe4 19. Nxe4 Rae8 20. Qf3 Re6 21. h5 Rfe8 22. hxg6 hxg6 23. Rc1 Kg7 24. g4 Rh8 25. Kg2 Qe5 26. Qg3 Qxg3+ 27. Kxg3 Rd8 28. Rc7 Rxd3+ 29. Kf4 Rd4 30. f3 Rb4 31. g5 Kf8 32. Kg3 Rc6 33. Rd7 Ke8 34. Rd2 Ke7 35. Nf6 Rb5 36. f4 Ke6 37. Kg4 Rc7 38. Re2+ Kd6 39. Ne8+ Kd7 40. Nxc7 Kxc7 41. Re7+ Kd8 42. Rxf7 Rb6 43. Rf6 Ke7 44. Rxb6 axb6 45. f5 gxf5+ 46. Kxf5 Kf7 47. a4 1-0

[Event "Osijek Baranja CupT 5th"]
[Site "Nasice"]
[Date "2012.03.10"]
[Round "3.1"]
[White "Arbanas, Josip"]
[Black "Gnjezdur, Vladimir"]
[Result "1/2-1/2"]
[WhiteElo "2252"]
[BlackElo "2141"]
[PlyCount "87"]
[EventDate "2012.03.09"]
[EventType "team-swiss"]
[EventRounds "5"]
[EventCountry "CRO"]
[SourceTitle "EXT 2014"]
[Source "ChessBase"]
[SourceDate "2013.11.20"]
[SourceVersion "1"]
[SourceVersionDate "2013.11.20"]
[SourceQuality "1"]

1. e4 e5 2. Nf3 Nc6 3. d4 exd4 4. Nxd4 Bc5 5. Be3 Nxd4 6. Bxd4 Bxd4 7. Qxd4 Qf6 8. c3 Qxd4 9. cxd4 Ne7 10. Nc3 c6 11. e5 Nf5 12. 0-0-0 d5 13. h4 0-0 14. g4 Ne7 15. Rg1 f6 16. exf6 Rxf6 17. Rd2 Bd7 18. h5 Raf8 19. Nd1 Rf4 20. Be2 g5 21. f3 h6 22. Rg3 Nc8 23. Kc2 Nd6 24. Ne3 Kg7 25. b3 Be6 26. a4 Bg8 27. Kc3 Bh7 28. Nc2 R4f6 29. Bd1 Re8 30. Re2 Rfe6 31. Rxe6 Rxe6 32. Kd2 Bxc2 33. Bxc2 b6 34. Rg2 c5 35. dxc5 bxc5 36. Bg6 d4 37. Rg1 c4 38. bxc4 Nxc4+ 39. Kc2 Re3 40. Rd1 Rc3+ 41. Kb1 Rb3+ 42. Kc1 Rc3+ 43. Kb1 Rb3+ 44. Kc1 1/2-1/2

[Event "Osijek-ch op"]
[Site "Osijek"]
[Date "2012.02.26"]
[Round "7"]
[White "Medak, Bojan"]
[Black "Gnjezdur, Vladimir"]
[Result "1-0"]
[WhiteElo "2376"]
[BlackElo "2141"]
[PlyCount "99"]
[EventDate "2012.02.23"]
[EventType "swiss"]
[EventRounds "7"]
[EventCountry "CRO"]
[SourceTitle "EXT 2013"]
[Source "ChessBase"]
[SourceDate "2012.11.22"]
[SourceVersion "1"]
[SourceVersionDate "2012.11.22"]
[SourceQuality "1"]

1. c4 g6 2. g3 Bg7 3. Bg2 Nf6 4. Nc3 0-0 5. Nf3 d6 6. 0-0 c6 7. d3 e5 8. Rb1 Re8 9. e4 Nbd7 10. h3 Nf8 11. Be3 Ne6 12. Kh2 d5 13. cxd5 cxd5 14. Bd2 dxe4 15. dxe4 Nd4 16. Be3 Nxf3+ 17. Bxf3 Qa5 18. b4 Qc7 19. Rc1 Qd7 20. Bg2 a5 21. Qe2 axb4 22. Nb5 Rxa2 23. Qxa2 Qxb5 24. Rc5 Qd3 25. Qb1 Qa3 26. Rb5 Bf8 27. Bc5 Bd7 28. Bxb4 Qa6 29. Ra5 Qb6 30. Bc3 Bc5 31. Qxb6 Bxb6 32. Rxe5 Bc6 33. Rxe8+ Nxe8 34. e5 Nc7 35. Bxc6 bxc6 36. Kg2 Kf8 37. Rd1 Nd5 38. Bd4 Bxd4 39. Rxd4 Ke7 40. f4 Ke6 41. Kf3 h5 42. Rc4 Ne7 43. Ke4 Kd7 44. g4 hxg4 45. hxg4 Nd5 46. Rc5 Ne7 47. Ra5 Nc8 48. Ra6 Kc7 49. f5 gxf5+ 50. Kxf5 1-0

[Event "Osijek-ch op"]
[Site "Osijek"]
[Date "2012.02.25"]
[Round "5"]
[White "Gnjezdur, Vladimir"]
[Black "Bender, Ivan"]
[Result "1-0"]
[WhiteElo "2141"]
[BlackElo "2272"]
[PlyCount "109"]
[EventDate "2012.02.23"]
[EventType "swiss"]
[EventRounds "7"]
[EventCountry "CRO"]
[SourceTitle "EXT 2013"]
[Source "ChessBase"]
[SourceDate "2012.11.22"]
[SourceVersion "1"]
[SourceVersionDate "2012.11.22"]
[SourceQuality "1"]

1. Nf3 Nf6 2. g3 d5 3. Bg2 c6 4. 0-0 Bg4 5. c4 e6 6. Qb3 Qb6 7. d3 Nbd7 8. Nc3 Nc5 9. Qd1 dxc4 10. d4 Ncd7 11. Qa4 Qb4 12. Qc2 Rc8 13. e4 Be7 14. Bd2 Qb6 15. Be3 Qa6 16. a4 Bb4 17. Rfe1 Bh5 18. Nd2 0-0 19. Bf1 b6 20. Nxc4 Qb7 21. Bg2 Bg6 22. Bf4 Rcd8 23. Rad1 Nd5 24. Nd6 Qa8 25. Nc4 Nxf4 26. gxf4 Qb8 27. Qc1 b5 28. Ne3 Qxf4 29. Nf1 Qxc1 30. Rxc1 bxa4 31. Red1 Nb6 32. Ne3 Rd7 33. Na2 Be7 34. Rxc6 Bh5 35. Rd2 Rfd8 36. d5 Bg5 37. Nc3 Bf4 38. Rc2 exd5 39. Ncxd5 Nxd5 40. Nxd5 Be5 41. f3 f5 42. Re6 Bd4+ 43. Kf1 fxe4 44. fxe4 Rf8+ 45. Ke1 Rb7 46. Ra6 Be8 47. Nc7 Bg6 48. Ne6 Rf6 49. Rc8+ Kf7 50. Nd8+ Ke7 51. Rxf6 Rxb2 52. Ra6 Rxg2 53. Nc6+ Kd7 54. Rd8+ Kc7 55. Rxd4 1-0

[Event "Osijek-ch op"]
[Site "Osijek"]
[Date "2012.02.24"]
[Round "3"]
[White "Gnjezdur, Vladimir"]
[Black "Sokac, Marko"]
[Result "1-0"]
[WhiteElo "2141"]
[BlackElo "1887"]
[PlyCount "205"]
[EventDate "2012.02.23"]
[EventType "swiss"]
[EventRounds "7"]
[EventCountry "CRO"]
[SourceTitle "EXT 2013"]
[Source "ChessBase"]
[SourceDate "2012.11.22"]
[SourceVersion "1"]
[SourceVersionDate "2012.11.22"]
[SourceQuality "1"]

1. g3 d5 2. f4 Nf6 3. Nf3 e6 4. Bg2 c6 5. 0-0 Be7 6. h3 Na6 7. d3 Bd7 8. c3 Qc7 9. Qe1 h6 10. Ne5 Bd6 11. d4 c5 12. Nxd7 Nxd7 13. e4 dxe4 14. Qxe4 0-0-0 15. Na3 Nf6 16. Qf3 cxd4 17. cxd4 Bxa3 18. bxa3 Nd5 19. Bd2 Qb6 20. Be3 Nac7 21. Bf2 Kd7 22. Rab1 Qa6 23. Rfc1 Ke7 24. Bf1 b5 25. Rc5 Rb8 26. Rbc1 Qd6 27. f5 h5 28. Be3 Rhc8 29. Rc6 Qd7 30. fxe6 fxe6 31. Qxh5 Nxe3 32. Qg5+ Kf7 33. Qxe3 Nd5 34. Qf3+ Ke7 35. Bxb5 Rxc6 36. Bxc6 Qc7 37. Qg4 Kf7 38. Rf1+ Nf6 39. d5 Kf8 40. Qg6 Qe5 41. Qd3 exd5 42. Qxd5 Qxg3+ 43. Qg2 Qxa3 44. Bd5 Qc3 45. Bb3 Rd8 46. Rf3 Qc1+ 47. Qf1 Qg5+ 48. Qg2 Qh6 49. Kh2 Rd4 50. Rf2 Qe3 51. Qg3 Qxg3+ 52. Kxg3 Ke7 53. Rc2 Kd7 54. Rc4 Ne4+ 55. Kg2 Rxc4 56. Bxc4 Nd6 57. Bb3 Nf5 58. Kf2 Nd4 59. Bd1 Kd6 60. Ke3 Ke5 61. Kd3 Kd5 62. Bh5 Nf5 63. Bf7+ Ke5 64. a4 Nd6 65. Bg8 g5 66. Ke3 Nf5+ 67. Kf3 Nh6 68. Bh7 Kd4 69. Bc2 Ke5 70. Bd3 Kd4 71. Bb5 Ke5 72. Bd7 Kd6 73. Bc8 Ke5 74. Ke3 Nf7 75. Kd3 Nd6 76. Bd7 Kd5 77. Bg4 Ke5 78. Bf3 Kf5 79. Bc6 Ke5 80. Kc3 Nc8 81. Kb4 Kd6 82. Bb7 Nb6 83. Kb5 Kc7 84. Be4 Nd7 85. Bf5 Nf6 86. Kc5 Ne8 87. Kd5 Nd6 88. Bg4 a6 89. Be2 a5 90. Bg4 Ne8 91. Ke5 Kb6 92. Kf5 Nd6+ 93. Kxg5 Kc5 94. h4 Kb4 95. Bd7 Ne4+ 96. Kf4 Nc5 97. Be8 Nxa4 98. Bxa4 Kxa4 99. h5 Kb3 100. h6 a4 101. h7 a3 102. h8Q Ka2 103. Qc3 1-0

[Event "Osijek-ch op"]
[Site "Osijek"]
[Date "2012.02.23"]
[Round "1"]
[White "Gnjezdur, Vladimir"]
[Black "Vlaicevic, Marko"]
[Result "1-0"]
[WhiteElo "2141"]
[BlackElo "1689"]
[PlyCount "83"]
[EventDate "2012.02.23"]
[EventType "swiss"]
[EventRounds "7"]
[EventCountry "CRO"]
[SourceTitle "EXT 2013"]
[Source "ChessBase"]
[SourceDate "2012.11.22"]
[SourceVersion "1"]
[SourceVersionDate "2012.11.22"]
[SourceQuality "1"]

1. g3 e5 2. Bg2 d5 3. c4 Nf6 4. Nc3 c6 5. d4 e4 6. Bg5 Bb4 7. Qb3 Qb6 8. Bxf6 Bxc3+ 9. Qxc3 gxf6 10. cxd5 Bf5 11. d6 Nd7 12. Nh3 0-0-0 13. Nf4 Kb8 14. 0-0 c5 15. dxc5 Qxc5 16. Qxc5 Nxc5 17. Rfd1 Ne6 18. Nh5 Bg4 19. Nxf6 Bxe2 20. Rd2 Bf3 21. Bxf3 exf3 22. Rc1 Rc8 23. Rdc2 Rxc2 24. Rxc2 Rd8 25. d7 Nf8 26. Rd2 Kc7 27. h4 Nxd7 28. Nxh7 Ne5 29. Rxd8 Kxd8 30. Nf6 Ke7 31. Nd5+ Ke6 32. Nf4+ Kf5 33. Kf1 Nc4 34. b3 Ne5 35. Ke1 Ng6 36. Nd3 Ne5 37. Nxe5 Kxe5 38. Kd2 Kd4 39. h5 Ke5 40. Ke3 Kf5 41. Kxf3 Kg5 42. g4 1-0

[Event "Osijek-ch op"]
[Site "Osijek"]
[Date "2011.02.25"]
[Round "3"]
[White "Miletic, Josip"]
[Black "Gnjezdur, Vladimir"]
[Result "0-1"]
[WhiteElo "2272"]
[BlackElo "2143"]
[PlyCount "92"]
[EventDate "2011.02.24"]
[EventType "swiss"]
[EventRounds "7"]
[EventCountry "CRO"]
[SourceTitle "EXT 2012"]
[Source "ChessBase"]
[SourceDate "2011.11.24"]
[SourceVersion "1"]
[SourceVersionDate "2011.11.24"]
[SourceQuality "1"]

1. e4 c5 2. Nf3 e6 3. c3 b6 4. d4 Bb7 5. Bd3 d6 6. 0-0 Nf6 7. Qe2 Be7 8. Bf4 0-0 9. Na3 a6 10. Rfe1 b5 11. dxc5 dxc5 12. Rad1 Nbd7 13. c4 b4 14. Nc2 Nh5 15. Bc1 Qc7 16. e5 g6 17. Ng5 Ng7 18. f4 Bxg5 19. fxg5 Nf5 20. Bxf5 gxf5 21. Rd3 Be4 22. Rh3 Qxe5 23. Qf2 Qg7 24. b3 Ne5 25. g6 fxg6 26. Bh6 Ng4 27. Bxg7 Nxf2 28. Kxf2 Kxg7 29. Re2 h5 30. Ne1 Rad8 31. Nf3 Kf6 32. Nd2 Bc6 33. Rhe3 Rfe8 34. Re5 Rxd2 35. Rxc5 Rxe2+ 36. Kxe2 Bxg2 37. Ke3 Rd8 38. Ra5 g5 39. Rxa6 f4+ 40. Ke2 g4 41. Rb6 Ra8 42. Rxb4 Rxa2+ 43. Kd3 g3 44. hxg3 fxg3 45. c5 Bf1+ 46. Ke3 g2 0-1

[Event "Zupanja op 4th"]
[Site "Zupanja"]
[Date "2010.08.21"]
[Round "3"]
[White "Gnjezdur, Vladimir"]
[Black "Srbis, Jurica"]
[Result "1-0"]
[WhiteElo "2146"]
[BlackElo "2228"]
[PlyCount "107"]
[EventDate "2010.08.20"]
[EventType "swiss"]
[EventRounds "6"]
[EventCountry "CRO"]
[SourceTitle "CBM 138 Extra"]
[Source "ChessBase"]
[SourceDate "2010.10.29"]
[SourceVersion "1"]
[SourceVersionDate "2010.10.29"]
[SourceQuality "1"]

1. Nf3 c5 2. c4 g6 3. d4 cxd4 4. Nxd4 Nc6 5. Nc3 Bg7 6. e3 Nf6 7. g3 d6 8. Bg2 Bd7 9. 0-0 0-0 10. Nce2 Qc8 11. b3 Bh3 12. Bb2 Bxg2 13. Kxg2 Qd7 14. Nc3 Nxd4 15. exd4 d5 16. c5 b6 17. cxb6 axb6 18. Qd3 Ra5 19. a4 Raa8 20. f3 Rfc8 21. Nb5 Ne8 22. Ba3 Nc7 23. Nxc7 Rxc7 24. Rac1 Rxc1 25. Bxc1 Qf5 26. Qe3 Rc8 27. Bd2 Rc2 28. Rf2 h5 29. h3 Bf6 30. g4 hxg4 31. hxg4 Qd7 32. Be1 Qc7 33. g5 Bg7 34. Rxc2 Qxc2+ 35. Bf2 e6 36. Kf1 Kh7 37. Kg1 Kg8 38. Kf1 Qf5 39. Kg2 Bf8 40. Bg3 Be7 41. Bf4 Qc2+ 42. Kg3 Bb4 43. Kh3 Qd1 44. Kg2 Be1 45. Be5 Qc2+ 46. Kf1 Bd2 47. Qe2 Qc1+ 48. Kg2 Be3 49. Qf1 Qc2+ 50. Kg3 Qd2 51. Qh1 Qf2+ 52. Kg4 Qg1+ 53. Qxg1 Bxg1 54. b4 1-0

[Event "Osijek op"]
[Site "Osijek"]
[Date "2010.01.28"]
[Round "6"]
[White "Gnjezdur, Vladimir"]
[Black "Grguric, Damir"]
[Result "1/2-1/2"]
[WhiteElo "2132"]
[BlackElo "2017"]
[PlyCount "116"]
[EventDate "2010.01.23"]
[EventType "swiss"]
[EventRounds "9"]
[EventCountry "CRO"]
[SourceTitle "CBM 134 Extra"]
[Source "ChessBase"]
[SourceDate "2010.03.03"]
[SourceVersion "1"]
[SourceVersionDate "2010.03.03"]
[SourceQuality "1"]

1. d4 Nf6 2. c4 g6 3. Nf3 Bg7 4. g3 d6 5. Bg2 0-0 6. 0-0 c6 7. Nc3 Bg4 8. h3 Bxf3 9. Bxf3 Nbd7 10. Bg2 e5 11. Be3 Qc7 12. Qc2 Rad8 13. Rac1 Ne8 14. Rfd1 f5 15. dxe5 dxe5 16. Bg5 Nef6 17. e4 f4 18. gxf4 exf4 19. Ne2 f3 20. Bxf3 h6 21. Bf4 Ne5 22. Bg2 Nh5 23. Bh2 Rxd1+ 24. Rxd1 Qf7 25. f4 Qxc4 26. Qxc4+ Nxc4 27. b3 Ne3 28. Rd7 Nxg2 29. Kxg2 Rf7 30. Rxf7 Kxf7 31. Kf3 Bb2 32. Bg1 a6 33. Bb6 Nf6 34. Ng3 Nd7 35. Bf2 Ke6 36. Be3 Kf6 37. h4 b5 38. e5+ Ke6 39. Ke4 h5 40. Ne2 c5 41. Ng1 c4 42. bxc4 bxc4 43. Nf3 c3 44. Ng5+ Ke7 45. Bd4 a5 46. a4 Nb8 47. Kd5 Na6 48. Kc4 Bc1 49. Bxc3 Bxf4 50. Nf3 Ke6 51. Bxa5 Nb8 52. Bc7 Nc6 53. a5 Kd7 54. Bb6 Bxe5 55. Nxe5+ Nxe5+ 56. Kd5 Nf3 57. a6 Kc8 58. Bd8 Kb8 1/2-1/2

[Event "Osijek op"]
[Site "Osijek"]
[Date "2010.01.25"]
[Round "4"]
[White "Medak, Bojan"]
[Black "Gnjezdur, Vladimir"]
[Result "1-0"]
[WhiteElo "2354"]
[BlackElo "2132"]
[PlyCount "81"]
[EventDate "2010.01.23"]
[EventType "swiss"]
[EventRounds "9"]
[EventCountry "CRO"]
[SourceTitle "CBM 134 Extra"]
[Source "ChessBase"]
[SourceDate "2010.03.03"]
[SourceVersion "1"]
[SourceVersionDate "2010.03.03"]
[SourceQuality "1"]

1. Nf3 f5 2. b3 d6 3. d4 Nf6 4. Bb2 g6 5. g3 Bg7 6. Bg2 0-0 7. 0-0 Nc6 8. d5 Na5 9. c4 c5 10. dxc6 Nxc6 11. Nc3 Rb8 12. Rc1 Bd7 13. Qd2 a6 14. Nd5 Ne4 15. Qc2 Bxb2 16. Qxb2 Nf6 17. Rfd1 Be6 18. Ng5 Bf7 19. Nxf6+ exf6 20. Nxf7 Kxf7 21. c5 Qe7 22. Rxd6 Rbc8 23. Rcd1 Rc7 24. b4 Kg7 25. Bxc6 bxc6 26. e3 Rb8 27. R1d4 a5 28. Qd2 Qe5 29. Rd7+ Rxd7 30. Rxd7+ Kh6 31. a3 axb4 32. axb4 Ra8 33. Qd4 Ra1+ 34. Kg2 Qxd4 35. exd4 Rb1 36. d5 cxd5 37. Rb7 d4 38. Kf3 Re1 39. Rd7 Re4 40. c6 d3 41. c7 1-0

[Event "Osijek OBZ Cup 2nd"]
[Site "Osijek"]
[Date "2009.03.14"]
[Round "2.4"]
[White "Bokun, Josip"]
[Black "Gnjezdur, Vladimir"]
[Result "0-1"]
[WhiteElo "1772"]
[BlackElo "2077"]
[PlyCount "47"]
[EventDate "2009.03.13"]
[EventType "team-tourn"]
[EventRounds "5"]
[EventCountry "CRO"]
[SourceTitle "EXT 2011"]
[Source "ChessBase"]
[SourceDate "2010.11.26"]
[SourceVersion "1"]
[SourceVersionDate "2010.11.26"]
[SourceQuality "1"]

1. d4 Nf6 2. c4 e5 3. d5 Bb4+ 4. Bd2 Qe7 5. Qb3 Bxd2+ 6. Nxd2 0-0 7. e4 d6 8. Be2 Nbd7 9. Ngf3 Nc5 10. Qc2 a5 11. 0-0 Bg4 12. a3 a4 13. Bd3 Nfd7 14. b4 axb3 15. Nxb3 Nxb3 16. Qxb3 Bxf3 17. gxf3 Nc5 18. Qd1 Qh4 19. Kh1 f5 20. Qe2 Nb3 21. exf5 Nxa1 22. Rxa1 Rf6 23. Rg1 Rxa3 24. Be4 0-1

[Event "Osijek OBZ Cup 2nd"]
[Site "Osijek"]
[Date "2009.03.13"]
[Round "1.2"]
[White "Gnjezdur, Vladimir"]
[Black "Papp, Tamas"]
[Result "0-1"]
[WhiteElo "2077"]
[BlackElo "2315"]
[PlyCount "104"]
[EventDate "2009.03.13"]
[EventType "team-tourn"]
[EventRounds "5"]
[EventCountry "CRO"]
[SourceTitle "EXT 2011"]
[Source "ChessBase"]
[SourceDate "2010.11.26"]
[SourceVersion "1"]
[SourceVersionDate "2010.11.26"]
[SourceQuality "1"]

1. g3 g6 2. Bg2 Bg7 3. f4 d5 4. Nf3 c5 5. d3 Nc6 6. 0-0 Nf6 7. Nc3 d4 8. Na4 Nd7 9. c4 a6 10. Ng5 Qc7 11. Ne4 b6 12. a3 h6 13. b4 Rb8 14. b5 axb5 15. cxb5 Na7 16. Qb3 Nf8 17. Nb2 Be6 18. Nc4 f5 19. Ned2 Nd7 20. Nf3 0-0 21. Bd2 Kh7 22. a4 Nc8 23. Qc2 Nd6 24. Ra3 Bxc4 25. dxc4 Nb7 26. Rb1 Na5 27. Kh1 Rbe8 28. Bxa5 bxa5 29. Qd2 Qb6 30. h3 e5 31. fxe5 Nxe5 32. Nxe5 Bxe5 33. Bc6 Re7 34. Rf1 Qc7 35. Kg2 Bf6 36. Raf3 Bg5 37. Qd3 Qe5 38. R1f2 Be3 39. Rf1 Kg7 40. h4 Ref7 41. Bd5 Rf6 42. Rh1 Rd6 43. Rhf1 Rdf6 44. Rb1 g5 45. hxg5 hxg5 46. b6 Rh6 47. b7 g4 48. Rff1 Rfh8 49. Rh1 Rxh1 50. Rxh1 Rxh1 51. b8Q Rg1+ 52. Kh2 Qxb8 0-1

[Event "Osijek op"]
[Site "Osijek"]
[Date "2008.12.10"]
[Round "3"]
[White "Gnjezdur, Vladimir"]
[Black "Mrkonjic, Nenad"]
[Result "1/2-1/2"]
[WhiteElo "2124"]
[BlackElo "2364"]
[PlyCount "65"]
[EventDate "2008.12.08"]
[EventType "swiss"]
[EventRounds "9"]
[EventCountry "CRO"]
[SourceTitle "CBM 128 Extra"]
[Source "ChessBase"]
[SourceDate "2009.03.05"]
[SourceVersion "2"]
[SourceVersionDate "2009.03.25"]
[SourceQuality "1"]

1. e4 e6 2. d4 d5 3. Nc3 Nf6 4. Bg5 Be7 5. Bxf6 Bxf6 6. e5 Be7 7. Qg4 g6 8. h4 h5 9. Qf4 b6 10. Nf3 Ba6 11. Bxa6 Nxa6 12. Ng5 Bxg5 13. hxg5 Qe7 14. g4 0-0-0 15. gxh5 gxh5 16. 0-0-0 Rdg8 17. Rdg1 Nb8 18. Rh3 Nd7 19. Ne2 Rh7 20. c3 Nf8 21. Qg3 Ng6 22. Nf4 Nxf4 23. Qxf4 a5 24. Qe3 Kb7 25. f4 Qf8 26. Rgh1 Rgh8 27. Qe2 h4 28. Qf2 Qg7 29. Rxh4 Rxh4 30. Rxh4 Rxh4 31. Qxh4 Qg6 32. Qh6 Qe4 33. Qf6 1/2-1/2

[Event "Osijek op"]
[Site "Osijek"]
[Date "2008.12.09"]
[Round "2"]
[White "Elezovic, Damir"]
[Black "Gnjezdur, Vladimir"]
[Result "0-1"]
[WhiteElo "2020"]
[BlackElo "2124"]
[PlyCount "90"]
[EventDate "2008.12.08"]
[EventType "swiss"]
[EventRounds "9"]
[EventCountry "CRO"]
[SourceTitle "CBM 128 Extra"]
[Source "ChessBase"]
[SourceDate "2009.03.05"]
[SourceVersion "2"]
[SourceVersionDate "2009.03.25"]
[SourceQuality "1"]

1. e4 d6 2. Nc3 Nf6 3. Nf3 g6 4. d4 Bg7 5. Bb5+ c6 6. Be2 0-0 7. a4 a5 8. 0-0 Qc7 9. h3 e5 10. dxe5 dxe5 11. Bg5 h6 12. Be3 Nbd7 13. Qd2 Kh7 14. Rad1 Re8 15. Nh4 Ng8 16. Bc4 Nf8 17. Qd6 Qxd6 18. Rxd6 Be6 19. Bxe6 Rxe6 20. Rfd1 Re7 21. Rd8 Rxd8 22. Rxd8 Ne6 23. Rd2 Nd4 24. f4 c5 25. fxe5 Bxe5 26. Nf3 Nxf3+ 27. gxf3 Bxc3 28. bxc3 b6 29. Rd6 Re6 30. Rxe6 fxe6 31. Bf4 Ne7 32. Bc7 Nc8 33. Kf2 Kg7 34. Ke3 Kf7 35. Kf4 Ke7 36. c4 Kd7 37. Bb8 Ne7 38. Be5 Nc6 39. c3 Nd8 40. h4 Nf7 41. Bb8 Kc8 42. Be5 g5+ 43. hxg5 hxg5+ 44. Kg4 Nxe5+ 45. Kxg5 Nxf3+ 0-1

[Event "Osijek op"]
[Site "Osijek"]
[Date "2008.12.08"]
[Round "1"]
[White "Gnjezdur, Vladimir"]
[Black "Imsirovic, Alen"]
[Result "1-0"]
[WhiteElo "2124"]
[BlackElo "1841"]
[PlyCount "59"]
[EventDate "2008.12.08"]
[EventType "swiss"]
[EventRounds "9"]
[EventCountry "CRO"]
[SourceTitle "CBM 128 Extra"]
[Source "ChessBase"]
[SourceDate "2009.03.05"]
[SourceVersion "2"]
[SourceVersionDate "2009.03.25"]
[SourceQuality "1"]

1. g3 d5 2. f4 c5 3. Bg2 Nf6 4. Nf3 Nc6 5. 0-0 Bf5 6. c4 e6 7. cxd5 exd5 8. d3 Be7 9. Ne5 0-0 10. Nc3 Be6 11. Nxc6 bxc6 12. Qa4 Qb6 13. Kh1 Bd7 14. e4 Ng4 15. h3 Nf6 16. e5 Nh5 17. Kh2 d4 18. Nd5 Qd8 19. Nxe7+ Qxe7 20. Bxc6 Bxc6 21. Qxc6 g6 22. Bd2 Rac8 23. Qa6 Ng7 24. Rae1 Qd7 25. g4 Qd5 26. b3 Rfe8 27. f5 Rcd8 28. Qf6 Rc8 29. Bh6 Kf8 30. Bxg7+ 1-0

[Event "Djakovo op-B"]
[Site "Djakovo"]
[Date "2005.05.05"]
[Round "7"]
[White "Matijasevic, Ilja"]
[Black "Gnjezdur, Vladimir"]
[Result "1-0"]
[WhiteElo "2077"]
[BlackElo "2177"]
[PlyCount "43"]
[EventDate "2005.05.01"]
[EventType "swiss"]
[EventRounds "9"]
[EventCountry "CRO"]
[SourceTitle "CBM 106 Extra"]
[Source "ChessBase"]
[SourceDate "2005.07.01"]
[SourceVersion "1"]
[SourceVersionDate "2005.07.01"]
[SourceQuality "1"]

1. e4 c5 2. Nf3 g6 3. d4 Bg7 4. Nc3 Qa5 5. Be2 Nc6 6. Be3 Nf6 7. 0-0 Ng4 8. Bc4 cxd4 9. Bxd4 Nxd4 10. Nxd4 Qc7 11. Qxg4 Qxc4 12. Ndb5 a6 13. Na3 Qc6 14. Qg3 b5 15. Nd5 d6 16. c4 bxc4 17. Qh4 Ra7 18. Nxc4 0-0 19. Rac1 Qe8 20. Na5 Bxb2 21. Nc6 e6 22. Nxa7 1-0

[Event "Djakovo op-B"]
[Site "Djakovo"]
[Date "2005.05.04"]
[Round "6"]
[White "Gnjezdur, Vladimir"]
[Black "Karakatic, Tomislav"]
[Result "1-0"]
[WhiteElo "2177"]
[BlackElo "2020"]
[PlyCount "73"]
[EventDate "2005.05.01"]
[EventType "swiss"]
[EventRounds "9"]
[EventCountry "CRO"]
[SourceTitle "CBM 106 Extra"]
[Source "ChessBase"]
[SourceDate "2005.07.01"]
[SourceVersion "1"]
[SourceVersionDate "2005.07.01"]
[SourceQuality "1"]

1. g3 e5 2. Bg2 d5 3. c4 Nf6 4. cxd5 Nxd5 5. Nf3 Nc6 6. d3 Be7 7. Nc3 Nb6 8. a3 0-0 9. b4 a6 10. Bd2 Be6 11. 0-0 f6 12. Na4 Qd7 13. Re1 Bh3 14. Bh1 Rac8 15. Be3 Nd4 16. Nc5 Bxc5 17. bxc5 Nxf3+ 18. Bxf3 Nd5 19. Bd2 Be6 20. Qb1 c6 21. Qb2 Rb8 22. Ba5 Bg4 23. Bh1 h5 24. d4 e4 25. Bxe4 f5 26. Bg2 f4 27. e4 f3 28. exd5 fxg2 29. d6 Rf7 30. Re5 Rbf8 31. f4 h4 32. Qxg2 hxg3 33. hxg3 Bh3 34. Qf2 Rxf4 35. gxf4 Qg4+ 36. Kh2 Rxf4 37. Qg3 1-0

[Event "CRO-chT2 East"]
[Site "Croatia"]
[Date "2005.04.23"]
[Round "4.2"]
[White "Gnjezdur, Vladimir"]
[Black "Djuric, Milan"]
[Result "1-0"]
[WhiteElo "2187"]
[BlackElo "2154"]
[PlyCount "120"]
[EventDate "2005.03.19"]
[EventType "team"]
[EventRounds "11"]
[EventCountry "CRO"]
[SourceTitle "EXT 2007"]
[Source "ChessBase"]
[SourceDate "2006.11.23"]
[SourceVersion "1"]
[SourceVersionDate "2006.11.23"]
[SourceQuality "1"]
[WhiteTeam "Nasice Slavonac"]
[BlackTeam "Beli Manastir"]
[WhiteTeamCountry "CRO"]
[BlackTeamCountry "CRO"]

1. g3 Nf6 2. f4 d5 3. Nf3 c5 4. Bg2 Nc6 5. d3 Qc7 6. 0-0 g6 7. Nc3 Bg7 8. e4 d4 9. Ne2 0-0 10. h3 h5 11. Nh4 e6 12. Rf2 Ne7 13. Bf3 Nh7 14. g4 hxg4 15. hxg4 e5 16. Rh2 exf4 17. Bxf4 Be5 18. Qd2 Bxf4 19. Nxf4 Ng5 20. Be2 Qe5 21. Rf1 Ne6 22. Nxe6 Bxe6 23. Qh6 Rfc8 24. Nxg6 Nxg6 25. Qh7+ Kf8 26. Qxg6 Ke7 27. Rh7 Rf8 28. Qh5 Qxh5 29. gxh5 Rh8 30. Rxh8 Rxh8 31. Kf2 Kf6 32. Rg1 b6 33. a3 Ke5 34. Rg3 Rh7 35. Rg8 Kf4 36. Ra8 f6 37. Re8 Bf7 38. Re7 Bg8 39. Re8 Bf7 40. Rf8 Kg5 41. Kg3 Rg7 42. Rh8 Bg8 43. Bg4 Bh7 44. Rd8 Kh6 45. Kf4 Re7 46. Rd6 Kg7 47. Re6 Rxe6 48. Bxe6 Kh6 49. Bf7 Kg7 50. Be8 Kh6 51. e5 fxe5+ 52. Kxe5 Bg8 53. c3 dxc3 54. bxc3 Kg5 55. d4 Bc4 56. d5 Ba6 57. d6 Bc8 58. Kd5 Bg4 59. Kc6 Bf3+ 60. Kc7 Bg4 1-0